000 00690nam a22002297a 4500
999 _c1690
_d1690
003 AR-CdUCM
008 190227b ||||| |||| 00| 0 spa d
040 _aMUNICIPALIDAD PROVINCIAL DEL CUSCO
_cBIBLIOTECA MUNICIPAL DEL CUSCO
082 _a869.56 /
_bV63
110 _aCIED
_96259
245 _aVientos del Pueblo :
_bPoesía, cuento, testimonio y pintura /
260 _aPerú :
_bEdiciones CIED ;
_c1983.
300 _a187 páginas
_bfofografías
_c19cm
505 _aPoesía -- Cuento
650 _aPoesía
_9139
650 _aCuento
_94671
650 _aNarrativa
_967
650 _aPintura
_93081
650 _aEscritores
_92284
942 _2ddc
_cLIBROS
945 _anom
_d2019-02-27